Scottish greenhouse gas emissions 2009 (Record no. 112707)

MARC details
000 -LEADER
fixed length control field 00879cad a22002175a 4500
001 - CONTROL NUMBER
control field E153803
008 - FIXED-LENGTH DATA ELEMENTS--GENERAL INFORMATION
fixed length control field 110906s2011 xxk f s000 0 eng d
020 ## - INTERNATIONAL STANDARD BOOK NUMBER
International Standard Book Number 9781780453781
035 ## - SYSTEM CONTROL NUMBER
System control number (Sirsi) u153803
041 0# - LANGUAGE CODE
Language code of text/sound track or separate title eng
110 2# - MAIN ENTRY--CORPORATE NAME
Corporate name or jurisdiction name as entry element Scotland
Subordinate unit Scottish Government
9 (RLIN) 5344
245 02 - TITLE STATEMENT
Title Scottish greenhouse gas emissions 2009
Medium [electronic resource]
260 ## - PUBLICATION, DISTRIBUTION, ETC.
Place of publication, distribution, etc. Edinburgh
Name of publisher, distributor, etc. Scottish Government
Date of publication, distribution, etc. 2011
520 ## - SUMMARY, ETC.
Summary, etc. Sets out estimates of Scottish greenhouse gas emissions for 2009. Reports that between 1990 and 2009, Scottish greenhouse gas emissions fell by 28.9%.
521 ## - TARGET AUDIENCE NOTE
Target audience note Advanced
590 ## - LOCAL NOTE (RLIN)
Local note KA
651 #4 - SUBJECT ADDED ENTRY--GEOGRAPHIC NAME
Geographic name Scotland
Chronological subdivision 1999-
690 ## - LOCAL SUBJECT ADDED ENTRY--TOPICAL TERM (OCLC, RLIN)
Topical term or geographic name as entry element ENVIRONMENTAL AND LAND CONSULTANCY-ENERGY-ENERGY USE-ENERGY EFFICIENCY
856 40 - ELECTRONIC LOCATION AND ACCESS
Uniform Resource Identifier <a href="https://www.scotland.gov.uk/Publications/2011/09/05094939/0">https://www.scotland.gov.uk/Publications/2011/09/05094939/0</a>
Public note View the publication free of charge at www.scotland.gov.uk
942 ## - ADDED ENTRY ELEMENTS (KOHA)
Suppress in OPAC 0
Holdings
Withdrawn status Lost status Source of classification or shelving scheme Damaged status Not for loan Home library Current library Shelving location Date acquired Total Checkouts Full call number Barcode Date last seen Copy number Price effective from Koha item type
    Dewey Decimal Classification     Virtual Virtual Online 06/09/2011   ONLINE PUBLICATION 153803-1001 06/08/2019 1 06/08/2019 Book